01011nam a2200253 a 450000100100000000500170001000800410002704000250006808200190009310000420011224500570015426000390021130000200025049000180027050000700028859000260035865000270038465000310041183000250044291000380046795201160050595201210062199900150074200000932720240530073911.0090929s2007 dr a r 001 0 spa d aDO-SdBNPbspacBNPHU aRD863.5bG216p1 aGarcía Jorge, Enrique,d1975-9153713aEl precio de los sueños /cEnrique García Jorge. aSanto Domingo :bSantuario,c2007. a90 p. ;c22 cm.1 aSantuariov12 aIncluye datos biográficos del autor en la solapa de la cubierta aInventariado, 2019/BT 0aNovela dominicana9223 0aLiteratura dominicana.967 0aSantuarion12924069 aValidado. control de calidad. MFF 001050718RVaPDbPDcHDd2009-09-29iLF1l0oRD863.5 G216pp9327-10r2020-06-25w2020-06-25y1ZNo se presta 001050718RVaPDbPDcHDd2011-06-15iLF1l0oRD863.5 G216pp9327-20r2020-06-25te.2w2020-06-25y1ZNo se presta c9087d9087